00890nam a2200205 u 450000100100000000500170001000800410002704000250006808200160009310000300010924501470013926000360028630000280032249000690035049000440041950000680046350400400053183000690057183000440064000002070720250924073802.0100813s1985 dr a r 001 0 spa d aDO-SdBNPbspacBPJMD axxxxbC569t1 aMadé Serrano, Nicolás10aCiendia, tecnologia y sociedad en una region del tercer mundo :bAmérica Latina y el Caribe /cNicolás Madé Serrano, Ramón Morrisón. aSanto Domingo :bUniversitaria. a307 p. :bil. ;c21 cm.1 aPublicaciones de la Universidad Autónoma de Santo Domingov3751 aCiencia, tecnología y sociedadvno. 1 aIncluye datos biográficos de los autores en la contracubierta aIncluye bibliografía (p. 295-307) aPublicaciones de la Universidad Autónoma de Santo Domingov375 0aCiencia, tecnología y sociedadvno. 1